| 000 | 00978nam a2200241 a 4500 | ||
|---|---|---|---|
| 008 | |||
| 049 | _aMAIN | ||
| 090 | _aKTL920 HAH | ||
| 245 | 0 | 0 |
_aHahlo's South African company law through the cases : _ba source book : a collection of cases on company law, with explanatory notes and comments. _cedited by J .T Pretorius ,P .A Delport ,Michelle Havenga and Maria Vermaas |
| 250 | _a5th ed. . | ||
| 260 |
_aCape Town : _bJuta, _c1991. |
||
| 300 |
_aliv, 765 p. ; _c26 cm. |
||
| 500 | _aRev. ed. of: South African company law through the cases / by H.R. Hahlo. 4th ed. 1984. | ||
| 504 | _aIncludes bibliographical references and index. | ||
| 650 | 0 |
_aCorporation law _zSouth Africa _xCases. |
|
| 700 | 1 | _aPretorius, J. T. | |
| 700 | 1 |
_aHahlo, H. R. _tSouth African company law through the cases. |
|
| 907 |
_a.b10061654 _b01-04-11 _c17-04-03 |
||
| 003 | |||
| 005 | 20230123133237.0 | ||
| 040 | _cNUST | ||
| 942 |
_cBOOKS _kKTL920 HAH |
||
| 999 |
_c145242 _d145242 |
||